<?xml version="1.0" encoding="UTF-8"?>
<collection xmlns="http://www.loc.gov/MARC21/slim">
 <record>
  <leader>02065nam a2200205Ia 4500</leader>
  <controlfield tag="001">TDMU_36037</controlfield>
  <controlfield tag="008">210410s9999    xx            000 0 und d</controlfield>
  <datafield tag="082" ind1=" " ind2=" ">
   <subfield code="a">616.15</subfield>
  </datafield>
  <datafield tag="090" ind1=" " ind2=" ">
   <subfield code="b">L250</subfield>
  </datafield>
  <datafield tag="100" ind1=" " ind2=" ">
   <subfield code="a">Lê, Thiên Lý</subfield>
  </datafield>
  <datafield tag="245" ind1=" " ind2="0">
   <subfield code="a">Nâng cao chất lượng dịch vụ ngân hàng điện tử của ngân hàng thương mại cổ phần đầu tư và phát triển Việt Nam (nghiên cứu trường hợp tại BIDV chi nhánh Bình Dương</subfield>
  </datafield>
  <datafield tag="245" ind1=" " ind2="0">
   <subfield code="c">Lê Thiên Lý; TS. Phan Văn Thường (hướng dẫn)</subfield>
  </datafield>
  <datafield tag="260" ind1=" " ind2=" ">
   <subfield code="a">Bình Dương</subfield>
  </datafield>
  <datafield tag="260" ind1=" " ind2=" ">
   <subfield code="c">2018</subfield>
  </datafield>
  <datafield tag="300" ind1=" " ind2=" ">
   <subfield code="a">73tr</subfield>
  </datafield>
  <datafield tag="520" ind1=" " ind2=" ">
   <subfield code="a">TM tài liệu tham khảo sau phần kết luận; Luận văn Thạc sĩ  Quản trị kinh doanh trường ĐH Thủ Dầu Một, 2018; Chuyên ngành: Quản trị kinh doanh; Mã số: 83.40.10.1; Ý kiến về việc sao chép tài liệu: 50%; Ý kiến về việc chuyển dạng tài liệu ( từ giấy sang điện tử): đồng ý; Luận văn gồm 3 chương. Chương 1 Cơ sở lý thuyết về chất lượng dịch vụ ngân hàng điện tử; Chương 2 Thực trạng phát triển chất lượng dịch vụ ngân hàng điện tử tại ngân hàng thương mại cổ phần đầu tư và phát triển Việt Nam chi nhánh Bình Dương; Chương 3. Một số giải pháp nâng cao chất lượng dịch vụ ngân hàng điện tử tại ngân hàng TMCP Đầu tư và phát triển Việt Nam chi nhánh Bình Dương</subfield>
  </datafield>
  <datafield tag="650" ind1=" " ind2=" ">
   <subfield code="a">Luận văn; Dịch vụ ngân hàng</subfield>
   <subfield code="x">Khách hàng cá nhân</subfield>
   <subfield code="z">Ngân hàng BIDV (Thủ Dầu Một); Ngân hàng điện tử</subfield>
   <subfield code="x">Nâng cao chất lượng dịch vụ</subfield>
  </datafield>
  <datafield tag="700" ind1=" " ind2=" ">
   <subfield code="a">Phan Văn Thường</subfield>
  </datafield>
  <datafield tag="856" ind1=" " ind2=" ">
   <subfield code="u">http://lrc.tdmu.edu.vn/opac/search/detail.asp?aID=2&amp;ID=36037</subfield>
  </datafield>
  <datafield tag="980" ind1=" " ind2=" ">
   <subfield code="a">Trung tâm Học liệu Trường Đại học Thủ Dầu Một</subfield>
  </datafield>
 </record>
</collection>
